000 00309nam a2200121Ia 4500
008 190216s9999||||xx |||||||||||||| ||und||
100 _aTyagi O D & Yadav M
245 0 _aText Book Of Organic Reaction Mechanism
260 _bAnmol Publications
_c1993
300 _a420p
650 _aChemistry
942 _cBK
999 _c2804
_d2804